Los Marqueses de Villaverde
Descripción Física:
Il·lustracions
Colección:
San Jorge,
; núm. 11 (juliol 1953), pàg 90-91
Materias:
Cristóbal Martínez-Bordiú, -- 1922-1998
; Franco Polo, Carmen, -- 1926-2017
; Congreso de la Sociedad de Cirugía del Mediterráneo Latino -- (1r : -- 1953 : -- Barcelona, Catalunya)
Idioma:
Español
MARC
| LEADER | 00000naa a2200000 a 4500 | ||
|---|---|---|---|
| 003 | Arxiu | ||
| 005 | 20260324181042.0 | ||
| 008 | 160829s1953 spcaxx s0 spa c | ||
| 040 | |a agdb | ||
| 245 | 0 | 4 | |a Los Marqueses de Villaverde |
| 300 | |b Il·lustracions | ||
| 490 | |a San Jorge, |v núm. 11 (juliol 1953), pàg 90-91 | ||
| 600 | 1 | 0 | |9 54788 |a Cristóbal Martínez-Bordiú, |d 1922-1998 |
| 600 | 1 | 0 | |9 54789 |a Franco Polo, Carmen, |d 1926-2017 |
| 611 | 0 | |9 54790 |a Congreso de la Sociedad de Cirugía del Mediterráneo Latino |n (1r : |d 1953 : |c Barcelona, Catalunya) | |
| 773 | |g Núm. 11 (juliol 1953), pàg 90-91 |t San Jorge. | ||
| 901 | |a Arxiu | ||
| 942 | |n 1 |2 udc |c ART | ||
| 952 | |0 0 |1 0 |4 0 |6 REV508 |7 1 |9 64428 |a Arxiu |b Arxiu |d 2022-11-28 |o Rev-508 |r 2022-11-28 00:00:00 |w 2022-11-28 |y ARXIU |z També disponible a Rev-522 | ||
| 999 | |c 49875 |d 49875 | ||